الطريق الى صنعة الاعراب مع التطبيق (رقم التسجيلة. 20406)
[ عرض عادي ]
| 000 -الفاتح | |
|---|---|
| حقل البيانات ثابتة الطول | 00705cam a2200205 a 4500 |
| 003 - محدد رقم الضبط | |
| رقم الضبط | OSt |
| 005 - وقت وتاريخ اخر تعامل مع التسجيلة | |
| رقم الضبط | 20150408114004.0 |
| 008 - عناصر البيانات ثابتة الطول - معلومات عامة | |
| حقل البيانات ثابتة الطول | 090505s2001 le g 000 0 ara c |
| 040 ## - مصدر الفهرسة | |
| وكالة الفهرسة الأصلية | mu |
| لغة الفهرسة | ara |
| وكالة النسخ | mb |
| 082 04 - رقم تصنيف ديوى العشرى | |
| رقم التصنيف | 415.1 |
| رقم الطبعة | 21 |
| 100 1# - المدخل الرئيسى - إسم شخصى | |
| الإسم الشخصى | الخوام، رياض بن حسن |
| 9 (RLIN) | 9164 |
| 245 12 - بيان العنوان | |
| العنوان | الطريق الى صنعة الاعراب مع التطبيق |
| بيان المسئوليه,etc | رياض بن حسن الخوام. |
| 250 ## - بيان الطبعة | |
| بيان الطبعة | ط. 1. |
| 260 ## - PUBLICATION, DISTRIBUTION, ETC. (IMPRINT) | |
| مكان الناشر او الموزع | الرياض |
| اسم الناشر او الموزع | مكتبة الرشد |
| تاريخ النشر أو التوزيع | 2010 |
| 300 ## - الوصف المادى | |
| التعداد | 398 ص. ؛ |
| أبعاد الوعاء | 24 سم. |
| 490 0# - بيان السلسلة | |
| عنوان السلسلة | سلسلة البحوث اللغوية ؛ |
| رقم المجلد/ التعيين التسلسلي | 1 |
| 650 #7 - المدخل الاضافى بالموضوع-مصطلح موضوعى | |
| مصطلح موضوعي أو اسم جغرافي كعنصر مدخل | اللغة العربية |
| التقسيم الفرعي العام | نحو |
| مصدر الرأس أو المصطلح | aucsh |
| 650 #7 - المدخل الاضافى بالموضوع-مصطلح موضوعى | |
| مصطلح موضوعي أو اسم جغرافي كعنصر مدخل | اللغة العربية |
| التقسيم الفرعي العام | ألفاظ |
| مصدر الرأس أو المصطلح | aucsh |
| 942 ## - عناصر المدخل الإضافي( كوها) | |
| مصدر التصنيف او مخطط الترفيف | Dewey Decimal Classification |
| Koha [default] item type | كتاب |
| حالة الفقد | نموذج السعر الفعال | حالة تلف | ليس للاعارة | رقم الطلب | تاريخ الاكتساب | الموقع الحالي | الباركود | الفرع الرئيسي | Date last seen | نوع المادة فى نظام كوها | مصدر التصنيف او خطة الترفيف | Total Checkouts | Date last checked out | Total Renewals |
|---|---|---|---|---|---|---|---|---|---|---|---|---|---|---|
| 2013-03-10 | 415.1 خ ر ط | 2012-04-20 | المكتبة المركزية بالمجمعة (CL) | 00062094 | المكتبة المركزية بالمجمعة (CL) | 2013-03-10 | كتاب | Dewey Decimal Classification | ||||||
| 2013-03-10 | 415.1 خ ر ط | 2012-04-20 | المكتبة المركزية بالمجمعة (CL) | 00062093 | المكتبة المركزية بالمجمعة (CL) | 2013-03-10 | كتاب | Dewey Decimal Classification | ||||||
| 2013-03-10 | 415.1 خ ر ط | 2012-04-20 | المكتبة المركزية بالمجمعة (CL) | 00062092 | المكتبة المركزية بالمجمعة (CL) | 2013-03-10 | كتاب | Dewey Decimal Classification | ||||||
| 2013-03-10 | 415.1 خ ر ط | 2012-08-02 | المكتبة المركزية بالمجمعة (CL) | 00093097 | المكتبة المركزية بالمجمعة (CL) | 2024-12-31 | كتاب | Dewey Decimal Classification | 2 | 2024-08-21 | 1 | |||
| 2013-03-10 | 415.1 خ ر ط | 2012-08-02 | المكتبة المركزية بالمجمعة (CL) | 00093096 | المكتبة المركزية بالمجمعة (CL) | 2013-03-10 | كتاب | Dewey Decimal Classification | ||||||
| 2013-03-10 | 415.1 خ ر ط | 2012-04-18 | قسم الاجراءات الفنية (IC) | 00071956 | قسم الاجراءات الفنية (IC) | 2013-03-10 | كتاب | Dewey Decimal Classification | ||||||
| 2013-03-10 | 415.1 خ ر ط | 2012-04-18 | قسم الاجراءات الفنية (IC) | 00071957 | قسم الاجراءات الفنية (IC) | 2013-03-10 | كتاب | Dewey Decimal Classification | ||||||
| 2013-03-10 | 415.1 خ ر ط | 2012-04-10 | مكتبة كلية التربية بالزلفى - طالبات (EZF) | 00071668 | مكتبة كلية التربية بالزلفى - طالبات (EZF) | 2013-03-10 | كتاب | Dewey Decimal Classification | ||||||
| 2013-03-10 | 415.1 خ ر ط | 2012-04-10 | مكتبة كلية التربية بالزلفى - طالبات (EZF) | 00071669 | مكتبة كلية التربية بالزلفى - طالبات (EZF) | 2015-05-20 | كتاب | Dewey Decimal Classification | 1 | 2015-04-19 | ||||
| 2013-03-10 | 415.1 خ ر ط | 2011-12-28 | مكتبة مجمع الطالبات بالمجمعة (EMF) | 00070250 | مكتبة مجمع الطالبات بالمجمعة (EMF) | 2013-03-10 | كتاب | Dewey Decimal Classification | ||||||
| 2013-03-10 | 415.1 خ ر ط | 2011-12-28 | مكتبة مجمع الطالبات بالمجمعة (EMF) | 00070251 | مكتبة مجمع الطالبات بالمجمعة (EMF) | 2013-03-10 | كتاب | Dewey Decimal Classification |
